000 00485nam a2200193 a 4500
001 24184
003 CO-ViMGA
008 141112s2004 ck r 000 u spa d
020 _a9789587045444
040 _aCO-ViMGA
_bspa
_cCO-ViMGA
082 0 4 _aCo863.6 E764a
100 1 _aEspinosa , German
245 1 0 _aAitana /
_cGerman Espinosa
260 _aColombia :
_bAlfaguara
300 _a404p.
650 1 4 _aNOVELA AMOROSA
_92079
650 1 4 _aNOVELA COLOMBIANA
_91193
942 _2ddc
_cBK
999 _c7262
_d7262